| 000 | 00000nam 2200000zi 4500 |
| 001 | 9.894822 |
| 003 | CaOODSP |
| 005 | 20221107173841 |
| 006 | m o d f |
| 007 | cr cn||||||||| |
| 008 | 201218t20212021onca o f000 0 fre d |
| 020 | |a9780660369709 |
| 040 | |aCaOODSP|bfre|erda|cCaOODSP |
| 043 | |an-cn--- |
| 086 | 1 |aYM41-5/2021F-PDF |
| 245 | 00|aNotre pays, notre Parlement : |bune introduction au fonctionnement du Parlement du Canada. |
| 264 | 1|aOttawa (Ontario) : |bBibliothè€que du Parlement = Library of Parliament, |c[2021] |
| 264 | 4|c©2021 |
| 300 | |a1 ressource en ligne (51 pages) : |billustrations en couleur |
| 336 | |atexte|btxt|2rdacontent/fre |
| 337 | |ainformatique|bc|2rdamedia/fre |
| 338 | |aressource en ligne|bcr|2rdacarrier/fre |
| 500 | |aPublié aussi en anglais sous le titre : Our country, our Parliament : an introduction to how Canada's Parliament works. |
| 520 | |a« Ce manuel est une introduction au Parlement du Canada. Une fois que tu l'auras terminé, tu seras en mesure de comprendre : comment la démocratie parlementaire fonctionne au Canada; comment les gens sont nommés ou élus au Parlement; le rôle des sénateurs et des députés; comment les décisions prises par le Parlement ont une influence sur toi et sur ta collectivité » -- Page 7. |
| 610 | 16|aCanada. |bParlement. |
| 650 | 6|aPouvoir législatif|zCanada. |
| 650 | 6|aGouvernement représentatif|zCanada. |
| 651 | 6|aCanada|xPolitique et gouvernement. |
| 710 | 1 |aCanada. |bBibliothèque du Parlement, |eorganisme de publication. |
| 775 | 08|tOur country, our Parliament : |w(CaOODSP)9.894819 |
| 776 | 0#|tNotre pays, notre parlement : |w(CaOODSP)9.894823 |
| 856 | 40|qPDF|s26.83 Mo|uhttps://publications.gc.ca/collections/collection_2021/bdp-lop/YM41-5-2021-fra.pdf |